| 000 | 00608nam a2200193 i 4500 | ||
|---|---|---|---|
| 001 | 131473 | ||
| 003 | ES-MaACL | ||
| 005 | 20250809035222.0 | ||
| 007 | t| | ||
| 008 | 070214s1963 sp r ||||1| spa d | ||
| 100 | 1 |
_aRodríguez Devesa, José María. _998493 |
|
| 245 | 1 | 0 |
_aDerecho penal español _b: parte especial / _cJosé María Rodríguez Devesa. |
| 260 |
_aValladolid : _b[s. n.], _c1963 ( _fTall. Gráf. Castilla) |
||
| 300 |
_a1 v. ; _c25 cm. |
||
| 500 | _aEs el v. I. | ||
| 650 | 0 | 4 |
_aDerecho penal- _zEspaña _911752 |
| 852 |
_aES-MaACL _jP-1375 _bR.53026 |
||
| 999 |
_c131473 _d131473 |
||